000 00302nam a22001337a 4500
008 171005b xxu||||| |||| 00| 0 eng d
020 _a9780743241922
041 _aeng
080 _a159.9
100 _a49
101 _aPSI
245 _aTHE MEN WHO STA AT GOATS
_cRONSON.J
942 _2udc
_cBK
999 _c31929
_d31929